Catálogo público

OCDE-FAO perspectivas agrícolas 2018-2027 / (Record no. 219290)

MARC details
000 -CABECERA
campo de control de longitud fija 01523nam a2200337 4500
003 - IDENTIFICADOR DEL NÚMERO DE CONTROL
campo de control OSt
005 - FECHA Y HORA DE LA ÚLTIMA TRANSACCIÓN
campo de control 20231019145800.0
008 - DATOS DE LONGITUD FIJA--INFORMACIÓN GENERAL
campo de control de longitud fija 231019s2017 mx ad||f |||| 001 0 spa d
020 ## - NÚMERO INTERNACIONAL ESTÁNDAR DEL LIBRO
Número Internacional Estándar del Libro 9789264307360 (OCDE )
020 ## - NÚMERO INTERNACIONAL ESTÁNDAR DEL LIBRO
Número Internacional Estándar del Libro 9789251305225 (FAO)
040 ## - FUENTE DE LA CATALOGACIÓN
Normas de descripción rda
Centro/agencia transcriptor CHAP
082 00 - NÚMERO DE LA CLASIFICACIÓN DECIMAL DEWEY
Número de edición 22
Número de clasificación 338.1
Número de documento/Ítem O15 2018
245 00 - MENCIÓN DE TÍTULO
Título OCDE-FAO perspectivas agrícolas 2018-2027 /
Mención de responsabilidad, etc. edición en español Laura Milena Valencia Escobar y Sonia García Baena
246 34 - FORMA VARIANTE DE TÍTULO
Título propio/Titulo breve OCDE-FAO perspectivas agrícolas 2018-2027:
Resto del título Enfoque especial: Oreinte Medio y África del Norte.
250 ## - MENCIÓN DE EDICIÓN
Mención de edición Decimocuarta edición.
264 #4 - PRODUCCIÓN, PUBLICACIÓN, DISTRIBUCIÓN, FABRICACIÓN Y COPYRIGHT
Producción, publicación, distribución, fabricación y copyright París:
Nombre del de productor, editor, distribuidor, fabricante OCDE:
-- FAO,
-- Universidad Autónoma Chapingo,
Fecha de producción, publicación, distribución, fabricación o copyright 2018.
300 ## - DESCRIPCIÓN FÍSICA
Extensión 112 páginas:
Otras características físicas Ilustraciones, cuadros, gráficas.
336 ## - TIPO DE CONTENIDO
Fuente rdacontent
Término de tipo de contenido texto
Código de tipo de contenido txt
337 ## - TIPO DE MEDIO
Fuente rdamedia
Nombre/término del tipo de medio sin medio
Código del tipo de medio n
338 ## - TIPO DE SOPORTE
Fuente rdacarrier
Nombre/término del tipo de soporte volumen
Código del tipo de soporte nc
500 ## - NOTA GENERAL
Nota general Contenido con enfoque especial: Oriente medio y África del Norte
504 ## - NOTA DE BIBLIOGRAFÍA, ETC.
Nota de bibliografía, etc. Incluye índice y bibliografía
534 ## - NOTA SOBRE LA VERSIÓN ORIGINAL
Frase introductoria Publicado originalmente como:
Mención de título del original Agricultural Outlook 2018-2027
Publicación, distribución, etc. del original Organización para la Cooperación y el Desarrollo Económicos (OCDE) y la Organización de las Naciones Unidas para la Alimentación y la Agricultura (FAO), 2018.
650 #4 - PUNTO DE ACCESO ADICIONAL DE MATERIA--TÉRMINO DE MATERIA
9 (RLIN) 139697
Término de materia o nombre geográfico como elemento de entrada Producción agrícola
Subdivisión general Estadísticas
650 #4 - PUNTO DE ACCESO ADICIONAL DE MATERIA--TÉRMINO DE MATERIA
9 (RLIN) 188166
Término de materia o nombre geográfico como elemento de entrada Producción agrícola
Subdivisión geográfica Medio Oriente
650 #4 - PUNTO DE ACCESO ADICIONAL DE MATERIA--TÉRMINO DE MATERIA
9 (RLIN) 188167
Término de materia o nombre geográfico como elemento de entrada Producción agrícola
Subdivisión geográfica África del Norte
700 1# - PUNTO DE ACCESO ADICIONAL--NOMBRE DE PERSONA
9 (RLIN) 188163
Nombre de persona García Baena, Sonia
Término indicativo de función/relación edición.
942 ## - ELEMENTOS DE PUNTO DE ACCESO ADICIONAL (KOHA)
Fuente del sistema de clasificación o colocación Dewey Decimal Classification
942 ## - ELEMENTOS DE PUNTO DE ACCESO ADICIONAL (KOHA)
Fuente del sistema de clasificación o colocación Dewey Decimal Classification
942 ## - ELEMENTOS DE PUNTO DE ACCESO ADICIONAL (KOHA)
Tipo de ítem Koha Libro
Holdings
Estado de retiro Estado de pérdida Fuente del sistema de clasificación o colocación Estado dañado Restricciones de uso No para préstamo Código de colección Localización permanente Ubicación/localización actual Ubicación en estantería Fecha de adquisición Total de préstamos Signatura topográfica completa Código de barras Fecha visto por última vez Precio válido a partir de Tipo de ítem Koha
    Dewey Decimal Classification   Préstamo interno   Publicaciones UACh Biblioteca Central Biblioteca Central Planta alta - Área de Tesis - UACh 19/10/2023   338.1 O15 2018 33724002581368 19/10/2023 19/10/2023 Libro